000 00924cam a2200229 a 4500
001 000013911
005 20240508200520.0
008 910517s1911 sp 000 0 spa d
040 _aDO-SdBNP
_bspa
_cBNPHU
082 _a341
_bD542d, 1911
100 1 _aDíaz, Miguel P.
_931526
245 1 0 _aDerecho penal internacional /
_cMiguel P. Díaz ; con un prólogo por el doctor Estanislao Zeballos.
250 _a2. ed.
260 _aMadrid :
_bLibrería General de Victoriano Suárez,
_c1911.
300 _axvi, 245 p. ;
_c20 cm.
490 1 _aBiblioteca de derecho y de ciencias sociales
500 _aApendice: La jurisdiccion en el Rio de la Plata y las relaciones internacionales. El pensamiento politico de Emilio Mitre.
650 0 _aDerecho internacional
_93258
650 0 _aDerecho penal
_917405
700 1 _aZeballos, Estanislao
_epról.
_931527
830 0 _aBiblioteca de derecho y de ciencias sociales ;
_931528
999 _c13516
_d13516